Komplexné overovacie skúšky kovových práškových materiálov na báze NiCrBSi, odolných voči opotrebeniu, korózii a teplote : Diplomová práca

Na minha lista:
Detalhes bibliográficos
Autor principal: Drábik, Dušan (Author)
Outros Autores: Smetana, Štefan (xxx)
Formato: Manuscrito Livro
Idioma:eslovaco
Publicado em: Trnava : STU v Bratislave MtF KZv, 2004
Assuntos:
Tags: Adicionar Tag
Sem tags, seja o primeiro a adicionar uma tag!

MARC

LEADER 00000ntm a22000003a 4500
001 stu89010
005 20160719154656.0
008 040716s2004----xo------------------slo-d
040 |a STU  |b slo 
041 0 |a slo 
044 |a xo 
100 1 |a Drábik, Dušan  |4 aut 
245 1 |a Komplexné overovacie skúšky kovových práškových materiálov na báze NiCrBSi, odolných voči opotrebeniu, korózii a teplote :  |b Diplomová práca 
260 |a Trnava :  |b STU v Bratislave MtF KZv,  |c 2004 
300 |a 77 s  |c CD 
650 7 |a technológie strojárskej výroby  |2 stusub 
650 7 |a zváranie  |2 stusub 
700 1 |a Smetana, Štefan  |4 xxx 
996 |b 284M059851  |c M*DP-5113  |l MMSKP  |s P  |a 0  |w stu89010_0001